Losowy Quiz - Statystyki

Ogólne statystyki
  • Ten quiz został rozwiązany 40 razy
  • Średni wynik to 2 z 5
Statystyki odpowiedzi
Hint Odpowiedź % Poprawnych
Ile Polska Miała Stolic 5
98%
Ile Polska Miała Królów („oficjalnych) 29
53%
Jakie Polska Miała Kolonie Gambia
30%
Ile Polska Miała Flag 86
18%
Ile Polska Wygrała Bitew 344
8%
Nie znaleziono quizów pasujących do podanych kryteriów
Rozkład punktacji
Procent ludzi z każdym wynikiem
Percentyl według liczby udzielonych odpowiedzi
Twoja historia wyników
Nie rozwiązałeś tego quizu